Ekonomické hodnotenie vinárskeho priemyslu v rokoch 1998-2002

Zníženie výroby do konca roku 2002, opotrebovanosť hmotného a nehmotného investičného majetku. Druhotná platobná neschopnosť vinárskeho priemyslu. Výrazné zvýšenie produktivity práce.

Enregistré dans:
Détails bibliographiques
Auteur principal: Belešová, Svetlana
Format: Chapitre de livre
Langue:slovaque
Sujets:
Tags: Ajouter un tag
Pas de tags, Soyez le premier à ajouter un tag!

MARC

LEADER 00000naa$a2200000$$$4500
001 0004043
005 20231004074644.6
041 0 |a slo 
044 |a SK 
245 1 0 |a Ekonomické hodnotenie vinárskeho priemyslu v rokoch 1998-2002  |c aut. Svetlana Belešová 
520 |a Zníženie výroby do konca roku 2002, opotrebovanosť hmotného a nehmotného investičného majetku. Druhotná platobná neschopnosť vinárskeho priemyslu. Výrazné zvýšenie produktivity práce. 
610 2 0 |a priemysel vinársky 
610 2 0 |a výsledok hospodársky 
610 2 0 |a rentabilita 
610 2 0 |a zadlženosť vnútorná 
610 2 0 |a investície 
610 2 0 |a hodnota pridaná 
610 2 0 |a produktivita práce 
100 1 |a Belešová, Svetlana